000 00914nam a2200277 i 4500
003 DO-SdBNP
005 20260423125812.0
007 ta
008 260423b1987 dr b|||| |||| 00| 0 spa d
040 _aDO-SdBNP
_bspa
_cBNPHU
_erda
041 _aspa
049 _aBNPD
082 _axxx
_bV422c 1987
_222
100 1 _aVega, Bernardo,
_d1938 -
_eautor
_4aut.
_93222
245 1 4 _aLos cacicazgos de La Hispaniola /
_cBernardo Vega ; edición, José Chez Checo
250 _asegunda edición
264 1 _aSanto Domingo :
_bPublicaciones de la Fundación Cultural Dominicana,
_c1987.
300 _a87 páginas :
_bmapas ;
_c20 cm.
336 _atexto
_btxt
_2rdacontent
337 _asin mediación
_bn
_2rdamedia
338 _avolumen
_bnc
_2rdacarrier
500 _aIncluye referencias bibliográficas y notas al pie de las páginas.
590 _aInventariado, 2026/BT
910 _aBtavárez
942 _2ddc
_cLBS1
999 _c60609
_d60609